Sports Quiz

Random Sports Quiz

Kyle Korver Quiz Stats

 Plays Quiz not verified by Sporcle

Support Sporcle.
Go Orange.
Score 0/18 Timer 10:00
0 Plays Today
Hint Answer % Correct
Was traded to _____ Atlanta Hawks
86.6%
Traded to _____Philadelphia 76ers
79.4%
Signed as a free agent with _____Chicago Bulls
78.5%
Year Born1981
77.5%
Was a first time All Star in _____2015
72.2%
Then traded to _____Utah Jazz
71.3%
CollegeCreighton
67.5%
Korver has ____ brothers3
63.6%
How many years did he play in college?4
61.2%
Hint Answer % Correct
Drafted by ____New Jersey Nets
58.9%
Was a fan of this NBA team as a childLos Angeles Lakers
42.6%
His cousin, Kari Korver, plays women's basketball at this university.UCLA
29.2%
BirthplaceLakewood
24.9%
Korver's wifeJuliet Richardson
22.5%
Won this award in 2015Sportsmanship Award
22%
Who was he traded for?Kirk Hinrich
19.6%
Resigned a four year deal worth _____$24 million
18.7%
His uncle, Kris Korver, is a head coach for this college basketball team.Northwestern College
12.4%

You're not logged in!

Compare scores with friends on all Sporcle quizzes.
OR
Log In

From the Vault

Remove Ads.
Support Sporcle.
Get the best of Sporcle when you Go Orange. This ad-free experience offers more features, more stats, and more fun while also helping to support Sporcle. Thank you for becoming a member.

Show Comments

Extras

Created May 1, 2015ReportNominate
Tags:Kyle

Top Quizzes Today


Score Distribution

Your Account Isn't Verified!

In order to create a playlist on Sporcle, you need to verify the email address you used during registration. Go to your Sporcle Settings to finish the process.

Report this User

Report this user for behavior that violates our Community Guidelines.

Details: